000 00608cam a22002053a 4500
001 45945
003 PGUSA
005 20140828084055.0
008 140612s2014||||xxu|||||s|||||000 | eng d
040 _aPGUSA
_beng
042 _adc
100 1 _aLastarria, J. L.
245 1 0 _aAntaño i Ogaño :
_bNovelas i Cuentos de la Vida Hispano-Americana
_h[electronic resource] /
_cJ. L. Lastarria
260 _bProject Gutenberg,
_c2014
506 _aPublic domain in the USA.
516 _aElectronic text
830 0 _aProject Gutenberg
_v45945
856 4 0 _uhttp://www.gutenberg.org/ebooks/45945
942 _cEB
999 _c275194
_d275194